The politics of policy in local government (Record no. 53956)

MARC details
000 -LEADER
fixed length control field 00794nam a2200193 a 4500
008 - FIXED-LENGTH DATA ELEMENTS--GENERAL INFORMATION
fixed length control field 120416s1973 ||||||||||||||||| || u
020 ## - INTERNATIONAL STANDARD BOOK NUMBER
International Standard Book Number 0521202442
050 ## - LIBRARY OF CONGRESS CALL NUMBER
Classification number JS 3711.K45 Dea
100 ## - MAIN ENTRY--PERSONAL NAME
Personal name Dearlove, John
245 14 - TITLE STATEMENT
Title The politics of policy in local government
246 ## - VARYING FORM OF TITLE
Title proper/short title the making and maintenance of public policy in the Royal Borough of Kensington and Chelsea
260 ## - PUBLICATION, DISTRIBUTION, ETC.
Place of publication, distribution, etc. London
Name of publisher, distributor, etc. Cambridge University Press
Date of publication, distribution, etc. 1973
300 ## - PHYSICAL DESCRIPTION
Extent [iv], 287p. : ill.
350 ## - PRICE (NR) (BK AM CF MU VM SE) [OBSOLETE]
Price 0.00
500 ## - GENERAL NOTE
General note Bibliography: p. 237-265.
650 ## - SUBJECT ADDED ENTRY--TOPICAL TERM
Topical term or geographic name entry element GOVERNMENT
650 ## - SUBJECT ADDED ENTRY--TOPICAL TERM
Topical term or geographic name entry element Kensington and Chelsea (London, England)--Politics and government
995 ## - RECOMMENDATION 995 [LOCAL, UNIMARC FRANCE]
-- 0.00
-- CBU-MAIN LIBRARY (Kitwe)
-- 1
-- 20.00
-- 1
-- AVAILABLE
-- Annex Low-Usage Collection
Holdings
Withdrawn status Lost status Source of classification or shelving scheme Damaged status Not for loan Home library Current library Shelving location Date acquired Total Checkouts Full call number Barcode Date last seen Price effective from Koha item type
          CBU-MAIN LIBRARY, KITWE. CBU-MAIN LIBRARY, KITWE.   11/30/2022   JS 3711.K45 Dea 008500 11/30/2022 11/30/2022 MONOGRAPH